[Event "Hastings Masters 2016-17"]
[Site "Hastings ENG"]
[Date "2016.12.28"]
[Round "1.1"]
[White "Sethuraman, S.P."]
[Black "Thybo, Jesper Sondergaard"]
[Result "0-1"]
[WhiteTitle "GM"]
[BlackTitle "FM"]
[WhiteElo "2647"]
[BlackElo "2352"]
[WhiteFideId "5021596"]
[BlackFideId "1438832"]
[EventDate "2016.12.28"]

1. d4 Nf6 2. Bf4 g6 3. Nc3 d5 4. e3 Bg7 5. h4 c6 6. Be2 h5 7. Nf3 Bg4 8. Ng5
Bxe2 9. Qxe2 O-O 10. O-O-O b5 11. e4 b4 12. Nb1 dxe4 13. Nxe4 Nbd7 14. Nbd2 Nd5
15. Bh2 Qb6 16. g4 hxg4 17. h5 gxh5 18. Bg3 Qb5 19. Qe1 N5f6 20. f3 Qd5 21. fxg4
Nxg4 22. Nb3 a5 23. Kb1 f5 24. Ng5 f4 25. Bh4 Ne3 26. Rd3 a4 27. Nd2 Nf6 28. Rg1
Nfg4 29. Ngf3 b3 30. c4 bxa2+ 31. Kxa2 Nxc4 32. Ka1 Nce3 33. Qc1 e5 34. Rc3 a3
35. b3 exd4 36. Rc5 d3+ 37. Ka2 Qd7 38. Ne5 Qd4 39. Ndf3 Qb2+ 40. Qxb2 axb2+ 41.
Kxb2 Nxe5 42. Rxg7+ Kxg7 43. Rxe5 Rf5 44. Re7+ Kg8 45. Be1 Rc5 46. b4 Rc2+ 47.
Kb3 Rca2 48. b5 R8a3+ 0-1

[Event "Hastings Masters 2016-17"]
[Site "Hastings ENG"]
[Date "2016.12.28"]
[Round "1.2"]
[White "Radovanovic, Jovica"]
[Black "Fier, Alexandr"]
[Result "1/2-1/2"]
[WhiteTitle "FM"]
[BlackTitle "GM"]
[WhiteElo "2351"]
[BlackElo "2590"]
[WhiteFideId "915912"]
[BlackFideId "2107139"]
[EventDate "2016.12.28"]

1. d4 Nf6 2. Nf3 e6 3. c4 c5 4. e3 cxd4 5. exd4 d5 6. Nc3 Bb4 7. cxd5 Nxd5 8.
Bd2 Nc6 9. Bd3 O-O 10. O-O Be7 11. a3 Bf6 12. Qc2 g6 13. Bh6 Re8 14. Rad1 Nxc3
15. bxc3 Bd7 16. Qd2 e5 17. Bc4 Bg4 18. Ng5 Bxg5 19. Bxg5 Qd6 20. Qa2 Qc7 21. f3
Bf5 22. g4 Bc8 23. Rfe1 Kg7 24. Kg2 f6 25. Bc1 Bd7 26. g5 fxg5 27. Bxg5 Na5 28.
Bd5 Ba4 29. dxe5 Bxd1 30. Bf6+ Kf8 31. Qd2 Bxf3+ 32. Kxf3 Red8 33. c4 Ke8 34.
Qf4 Nc6 35. Qg4 Qd7 36. e6 Qd6 37. Qh4 Qxa3+ 38. Re3 Qc1 39. Kf2 Rxd5 40. cxd5
Qd2+ 41. Re2 Qxd5 42. Qxh7 Qf5+ 43. Ke1 Qb1+ 44. Kf2 Qf5+ 45. Ke1 Qb1+ 1/2-1/2

[Event "Hastings Masters 2016-17"]
[Site "Hastings ENG"]
[Date "2016.12.28"]
[Round "1.3"]
[White "Gledura, Benjamin"]
[Black "Bates, Richard A"]
[Result "0-1"]
[WhiteTitle "GM"]
[BlackTitle "IM"]
[WhiteElo "2584"]
[BlackElo "2347"]
[WhiteFideId "712779"]
[BlackFideId "403555"]
[EventDate "2016.12.28"]

1. Nf3 Nf6 2. g3 g6 3. b3 Bg7 4. Bb2 O-O 5. Bg2 c5 6. c4 d6 7. d4 Ne4 8. O-O Nc6
9. e3 f5 10. Nc3 e6 11. Qc2 cxd4 12. Nxd4 Nxd4 13. exd4 d5 14. Ne2 Bd7 15. f3
Nf6 16. Nf4 Rc8 17. Rfe1 Re8 18. Nd3 dxc4 19. bxc4 b5 20. c5 Bc6 21. Qb3 Bd5 22.
Qxb5 Rb8 23. Qa4 f4 24. gxf4 Nh5 25. Bc3 Qf6 26. Qc2 Nxf4 27. Nxf4 Qxf4 28. Qf2
Rf8 29. Rad1 Rf5 30. Qg3 Qxg3 31. hxg3 Bxf3 32. Rb1 Rbf8 33. Rxe6 Bxg2 34. Kxg2
Rf2+ 35. Kh3 Rc2 36. Re3 Rff2 37. Rb8+ Bf8 38. g4 g5 39. c6 Rh2+ 40. Kg3 Rcf2
41. Rxf8+ Kxf8 42. Bb4+ Kf7 43. Bd6 Rfg2+ 44. Kf3 Rh3+ 45. Kxg2 Rxe3 46. d5 Ke8
47. Bb8 a6 48. Bc7 Rc3 49. a4 Rc5 50. Kf3 Rxd5 51. Bb6 Re5 52. a5 Re6 53. c7 Kd7
54. Kf2 Re4 55. Kf3 Rf4+ 56. Kg3 Rf6 57. Kg2 Rxb6 0-1

[Event "Hastings Masters 2016-17"]
[Site "Hastings ENG"]
[Date "2016.12.28"]
[Round "1.4"]
[White "Dyrgaard, Kristoffer"]
[Black "Sengupta, Deep"]
[Result "0-1"]
[WhiteTitle "FM"]
[BlackTitle "GM"]
[WhiteElo "2311"]
[BlackElo "2575"]
[WhiteFideId "1410938"]
[BlackFideId "5008352"]
[EventDate "2016.12.28"]

1. e4 e5 2. Bc4 Nf6 3. d3 c6 4. Nf3 d5 5. Bb3 a5 6. a4 Bb4+ 7. c3 Bd6 8. O-O O-O
9. Bg5 dxe4 10. dxe4 h6 11. Bh4 Qe7 12. Nbd2 Bc7 13. Qe2 Nbd7 14. Nc4 b6 15.
Rfe1 Re8 16. Rad1 Nc5 17. Bc2 Ba6 18. Nfd2 Qe6 19. Bxf6 Qxf6 20. Qg4 Rad8 21.
Qg3 Rd7 22. b4 axb4 23. cxb4 Ne6 24. b5 cxb5 25. Ne3 bxa4 26. Nd5 Qg5 27. Bxa4
b5 28. Bb3 Ba5 29. Re3 Bxd2 30. Rxd2 Nd4 31. h4 Qxg3 32. Rxg3 Kf8 33. Nb4 Bb7
34. Bd5 Ra8 35. Nd3 f6 36. Nc5 Rxd5 37. exd5 Bxd5 38. f4 Bc4 39. Nd7+ Kf7 40.
fxe5 Ne2+ 41. Rxe2 Bxe2 42. exf6 gxf6 43. Re3 Ra2 44. Nc5 Bc4 45. Ne4 Ra6 46.
Nd2 Bd5 47. Kf2 b4 48. g4 Ra3 49. Re1 Rd3 50. Ne4 Bc6 51. g5 hxg5 52. hxg5 f5
53. Nc5 Rf3+ 54. Ke2 Rc3 55. g6+ Kxg6 56. Ne6 Kf6 57. Nf4 Be4 58. Ra1 Ke5 59.
Ng6+ Kd4 0-1

[Event "Hastings Masters 2016-17"]
[Site "Hastings ENG"]
[Date "2016.12.28"]
[Round "1.5"]
[White "Karthikeyan, Murali"]
[Black "Webb, Laurence E"]
[Result "1-0"]
[WhiteTitle "GM"]
[BlackTitle "FM"]
[WhiteElo "2530"]
[BlackElo "2300"]
[WhiteFideId "5074452"]
[BlackFideId "402389"]
[EventDate "2016.12.28"]

1. e4 c6 2. Nf3 d5 3. Nc3 dxe4 4. Nxe4 Nf6 5. Nxf6+ exf6 6. Bc4 Bd6 7. O-O O-O
8. h3 c5 9. d4 Nc6 10. Be3 cxd4 11. Nxd4 Nxd4 12. Qxd4 Be5 13. Qxd8 Rxd8 14. c3
Be6 15. Be2 f5 16. f4 Bc7 17. Kf2 a6 18. c4 Bd7 19. Bf3 Bc6 20. Bxc6 bxc6 21.
Rfd1 f6 22. b4 Rab8 23. Rxd8+ Bxd8 24. Bc5 a5 25. a3 axb4 26. axb4 Bb6 27. Bxb6
Rxb6 28. Ra4 Rb7 29. Ke3 Rd7 30. b5 Re7+ 31. Kd3 cxb5 32. cxb5 Kf7 33. b6 Ke6
34. Ra7 Re8 35. Rxg7 Kd5 36. Rxh7 Re1 37. b7 Rb1 38. h4 Rb3+ 39. Kc2 Rb6 40. h5
Ke4 41. h6 Kxf4 42. Rg7 1-0

[Event "Hastings Masters 2016-17"]
[Site "Hastings ENG"]
[Date "2016.12.28"]
[Round "1.6"]
[White "Vaishali, R"]
[Black "Rasmussen, Allan Stig"]
[Result "0-1"]
[WhiteTitle "WIM"]
[BlackTitle "GM"]
[WhiteElo "2254"]
[BlackElo "2502"]
[WhiteFideId "5091756"]
[BlackFideId "1406000"]
[EventDate "2016.12.28"]

1. e4 e6 2. d4 d5 3. Bd3 dxe4 4. Bxe4 Nf6 5. Bf3 c5 6. Ne2 Nc6 7. Be3 Nd5 8. O-O
Nxe3 9. fxe3 Be7 10. Nbc3 O-O 11. Kh1 Qc7 12. Qe1 Nb4 13. Rc1 cxd4 14. Nxd4 Bd7
15. a3 Nc6 16. Rd1 Rad8 17. Nxc6 Bxc6 18. Rxd8 Bxd8 19. Bxc6 Qxc6 20. e4 Bc7 21.
Qe3 a6 22. e5 Rd8 23. h3 h6 24. Rf3 Rd7 25. h4 Qb6 26. Qxb6 Bxb6 27. Ne4 Rd1+
28. Kh2 Bd4 29. c3 Bxe5+ 30. g3 Re1 31. Nf2 Re2 32. b4 Rc2 33. Kh3 Rxc3 34. Rxc3
Bxc3 35. Nd3 Bd4 36. h5 Kf8 37. g4 Ke7 38. Kg3 Kd6 39. Kf3 Kd5 40. a4 e5 41. Ne1
e4+ 42. Kf4 Bc3 43. Nc2 Bd2+ 0-1

[Event "Hastings Masters 2016-17"]
[Site "Hastings ENG"]
[Date "2016.12.28"]
[Round "1.7"]
[White "Gormally, Daniel W"]
[Black "Teh, Eu Wen Aron"]
[Result "1-0"]
[WhiteTitle "GM"]
[BlackTitle "FM"]
[WhiteElo "2493"]
[BlackElo "2279"]
[WhiteFideId "406465"]
[BlackFideId "5704723"]
[EventDate "2016.12.28"]

1. d4 Nf6 2. Nf3 e6 3. c4 d5 4. Nc3 Bb4 5. e3 O-O 6. Bd3 c5 7. O-O cxd4 8. exd4
dxc4 9. Bxc4 b6 10. Bg5 Bb7 11. Rc1 Be7 12. Re1 Nbd7 13. Ne5 h6 14. Bf4 Nxe5 15.
dxe5 Nd5 16. Bxd5 Bxd5 17. Qg4 Bg5 18. Rcd1 Bxf4 19. Qxf4 Rc8 20. Ne4 Rc4 21. b3
Rc2 22. Nf6+ gxf6 23. Qxh6 fxe5 24. Rd3 1-0

[Event "Hastings Masters 2016-17"]
[Site "Hastings ENG"]
[Date "2016.12.28"]
[Round "1.8"]
[White "Cunningham, Robin"]
[Black "Hebden, Mark L"]
[Result "0-1"]
[WhiteTitle "FM"]
[BlackTitle "GM"]
[WhiteElo "2263"]
[BlackElo "2492"]
[WhiteFideId "2005093"]
[BlackFideId "400084"]
[EventDate "2016.12.28"]

1. c4 g6 2. g3 Bg7 3. Bg2 Nf6 4. Nc3 O-O 5. d3 e6 6. e4 d5 7. e5 Nfd7 8. f4 f6
9. exf6 Nxf6 10. Nf3 Nc6 11. O-O d4 12. Ne4 Nxe4 13. dxe4 e5 14. Ne1 Be6 15. b3
exf4 16. gxf4 d3 17. Rb1 Qd4+ 18. Kh1 Rad8 19. Bb2 Qe3 20. Rf3 Qxe4 21. Rxd3
Qxf4 22. Bxg7 Kxg7 23. Qe2 Bg4 24. Qb2+ Qe5 25. Qxe5+ Nxe5 26. Rxd8 Rxd8 27.
Bxb7 c6 28. Ng2 Rd2 29. Re1 Bf3 30. Rxe5 Rd1+ 0-1

[Event "Hastings Masters 2016-17"]
[Site "Hastings ENG"]
[Date "2016.12.28"]
[Round "1.9"]
[White "Kjartansson, Gudmundur"]
[Black "Maisuradze, Nino"]
[Result "1-0"]
[WhiteTitle "IM"]
[BlackTitle "WGM"]
[WhiteElo "2468"]
[BlackElo "2231"]
[WhiteFideId "2301318"]
[BlackFideId "13601717"]
[EventDate "2016.12.28"]

1. d4 d5 2. c4 e6 3. Nc3 Be7 4. Bf4 Nf6 5. e3 O-O 6. a3 c5 7. dxc5 Bxc5 8. Nf3
Nc6 9. Qc2 Qa5 10. Nd2 Be7 11. Rd1 e5 12. Bg5 d4 13. Nb3 Qb6 14. Bxf6 Bxf6 15.
Nd5 Qd8 16. Bd3 h6 17. exd4 exd4 18. Nxf6+ Qxf6 19. O-O Rd8 20. Bh7+ Kh8 21. Be4
a5 22. Rd2 a4 23. Nc5 Qe5 24. Nxa4 d3 25. Bxd3 Nd4 26. Qd1 Rxa4 27. Re1 Qg5 28.
f4 Qg4 29. Bc2 Rxc4 30. Rxd4 Qxd1 31. Rdxd1 Rxd1 32. Bxd1 Bf5 33. Bf3 Rc2 34. g4
Bd7 35. Re7 Bc6 36. Bxc6 bxc6 37. Rb7 Kg8 38. b3 Kf8 39. a4 Ra2 40. h3 c5 41.
Rc7 Ra3 42. Kg2 Rxb3 43. a5 Ra3 44. Rxc5 g6 45. h4 Kg7 46. Kf2 Kh7 47. Ke2 Kg7
48. Kd2 Kh7 49. Kc2 Rf3 50. a6 Ra3 51. Rc6 Kg7 52. Kb2 Ra5 53. Kb3 Ra1 54. Kb4
g5 55. hxg5 hxg5 56. fxg5 Kf8 57. Kc5 Ke7 58. Kb6 Kd7 59. Kb7 Ra4 60. Rb6 1-0

[Event "Hastings Masters 2016-17"]
[Site "Hastings ENG"]
[Date "2016.12.28"]
[Round "1.10"]
[White "Player, Edmund C"]
[Black "Galyas, Miklos"]
[Result "0-1"]
[BlackTitle "IM"]
[WhiteElo "2239"]
[BlackElo "2473"]
[WhiteFideId "406520"]
[BlackFideId "707244"]
[EventDate "2016.12.28"]

1. e4 d6 2. d4 Nf6 3. Nc3 g6 4. Be3 c6 5. Qd2 b5 6. Bd3 Nbd7 7. Nf3 Qc7 8. h3
Bg7 9. O-O O-O 10. Ne2 e5 11. dxe5 dxe5 12. a4 Bb7 13. Ng3 a6 14. c4 bxa4 15. c5
Rfd8 16. Rxa4 Nf8 17. Qc3 Ne6 18. Rfa1 Nf4 19. Bc4 N6d5 20. Qb3 Rab8 21. Qa2 Ba8
22. Bd2 Qe7 23. exd5 cxd5 24. Bxa6 Qxc5 25. Rc1 Qd6 26. Ba5 e4 27. Bc7 Qf6 28.
Bxd8 Rxd8 29. Nd4 h5 30. Rc8 Kh7 31. Rxd8 Qxd8 32. Bf1 Qg5 33. Qb3 Be5 34. Qe3
Qf6 35. Kh1 Bb7 36. Nde2 Nd3 37. Kg1 h4 38. Nh1 Nxb2 39. Rb4 Nc4 40. Qc5 Bd6 41.
Qb5 Ba6 42. Qxd5 Bxb4 43. Qxe4 Bd6 44. Qd4 Ne5 45. Qf4 Qe7 46. Nc3 Bb7 47. Qe3
f5 48. Qe2 Qg5 0-1

[Event "Hastings Masters 2016-17"]
[Site "Hastings ENG"]
[Date "2016.12.28"]
[Round "1.11"]
[White "Tan, Justin2"]
[Black "Hill, Alistair"]
[Result "1/2-1/2"]
[WhiteTitle "IM"]
[WhiteElo "2451"]
[BlackElo "2237"]
[WhiteFideId "3206882"]
[BlackFideId "432407"]
[EventDate "2016.12.28"]

1. d4 Nf6 2. c4 g6 3. g3 Bg7 4. Bg2 O-O 5. Nc3 d6 6. Nf3 Nc6 7. O-O a6 8. Bf4 h6
9. d5 e5 10. dxc6 exf4 11. Nd4 b5 12. cxb5 axb5 13. Ndxb5 fxg3 14. hxg3 h5 15.
Qd2 Re8 16. e4 h4 17. Qf4 hxg3 18. Qxg3 Ra6 19. f4 Nh5 20. Qf2 Rxc6 21. Na7 Rc4
22. Rad1 Bb7 23. Nab5 1/2-1/2

[Event "Hastings Masters 2016-17"]
[Site "Hastings ENG"]
[Date "2016.12.28"]
[Round "1.12"]
[White "Prosviriakov, Vladimir"]
[Black "Praggnanandhaa, R"]
[Result "0-1"]
[WhiteTitle "IM"]
[BlackTitle "IM"]
[WhiteElo "2236"]
[BlackElo "2452"]
[WhiteFideId "2004860"]
[BlackFideId "25059530"]
[EventDate "2016.12.28"]

1. e4 e5 2. Nc3 Nf6 3. f4 d5 4. fxe5 Nxe4 5. Nf3 Be7 6. d4 c5 7. Bb5+ Nc6 8. O-O
O-O 9. Qe2 Bf5 10. Bxc6 bxc6 11. Kh1 Qd7 12. dxc5 Nxc5 13. Nd4 Bg4 14. Qf2 f6
15. e6 Nxe6 16. Be3 Nxd4 17. Bxd4 f5 18. Na4 Rf7 19. Rae1 f4 20. h3 Bh5 21. Bc5
Bd8 22. Bd4 Be7 23. Bc5 f3 24. Bxe7 fxg2+ 25. Qxg2 Rxe7 26. Nc5 Qd6 27. Rxe7
Qxe7 28. b4 Re8 29. Qg3 Qe3 30. Qg2 Bg6 31. Kh2 Qe5+ 32. Kh1 Be4 33. Nxe4 Qxe4
34. Qxe4 Rxe4 35. Rb1 Re3 36. Kg2 Re2+ 37. Kf3 Rxc2 38. a4 Rc4 39. b5 Rxa4 40.
bxc6 Rc4 41. Ra1 Rxc6 42. Rxa7 Rf6+ 43. Kg4 Rd6 44. Kf5 d4 45. Ke5 Rd8 46. Ra2
d3 47. Rd2 Kf7 48. Ke4 Kg6 49. Kf4 Kh5 50. Kg3 Rd4 51. Kf3 Kh4 52. Kg2 h5 53.
Kh2 g5 54. Kg2 g4 55. hxg4 Kxg4 56. Kf2 Kf4 57. Rd1 d2 58. Ke2 Kg3 59. Ke3 Rd8
60. Rg1+ Kh2 61. Rd1 Kg2 0-1

[Event "Hastings Masters 2016-17"]
[Site "Hastings ENG"]
[Date "2016.12.28"]
[Round "1.13"]
[White "Hansen, Mads"]
[Black "Snape, Ian L"]
[Result "1-0"]
[WhiteTitle "FM"]
[WhiteElo "2452"]
[BlackElo "2222"]
[WhiteFideId "1401610"]
[BlackFideId "404489"]
[EventDate "2016.12.28"]

1. e4 c5 2. Nf3 d6 3. d4 Nf6 4. Nc3 cxd4 5. Nxd4 a6 6. h3 e5 7. Nde2 h5 8. Bg5
Be6 9. g3 Nbd7 10. Bg2 Rc8 11. a4 Be7 12. O-O h4 13. Bxh4 Nh7 14. Bxe7 Qxe7 15.
Nd5 Bxd5 16. exd5 Nhf6 17. Ra3 O-O 18. Re3 Qd8 19. b3 b5 20. axb5 axb5 21. Qd2
Nb6 22. Rc3 Rxc3 23. Nxc3 Qd7 24. Qd3 b4 25. Na2 e4 26. Bxe4 Qxh3 27. Bg2 Qh5
28. Nxb4 Ng4 29. Re1 Nd7 30. Nc6 Nde5 31. Qf5 Qh2+ 32. Kf1 g6 33. Qf4 Kh8 34.
Nxe5 Nxe5 35. Qf6+ Kg8 36. Qxd6 f6 37. Qe6+ Kg7 38. Qh3 1-0

[Event "Hastings Masters 2016-17"]
[Site "Hastings ENG"]
[Date "2016.12.28"]
[Round "1.14"]
[White "Marusenko, Petr"]
[Black "Arkell, Keith C"]
[Result "0-1"]
[WhiteTitle "IM"]
[BlackTitle "GM"]
[WhiteElo "2214"]
[BlackElo "2447"]
[WhiteFideId "14100606"]
[BlackFideId "400270"]
[EventDate "2016.12.28"]

1. e4 g6 2. d4 Bg7 3. Nc3 d6 4. Be3 a6 5. Bd3 b5 6. Qd2 Bb7 7. a4 b4 8. Nce2 a5
9. c3 Na6 10. f3 Rb8 11. Nh3 Nf6 12. O-O O-O 13. Nf2 e5 14. Rfd1 bxc3 15. bxc3
exd4 16. cxd4 Nb4 17. Rac1 Nd7 18. Bg5 f6 19. Bh6 Bxh6 20. Qxh6 Nb6 21. Bc2 Nxc2
22. Rxc2 f5 23. Rdc1 c6 24. Nf4 Qd7 25. d5 Rbc8 26. Ne6 Rf7 27. Nh3 fxe4 28.
Nhg5 Nxd5 29. Nxf7 Qxf7 30. Ng5 Qe7 31. Nxe4 Nb4 32. Re2 Ba6 33. Rd2 d5 34. Nc5
Bc4 35. Ne4 Nd3 36. Rxc4 dxc4 37. Qe3 Qe5 38. Rd1 c5 39. Qd2 Qd4+ 40. Kh1 c3 41.
Qc2 c4 42. Rf1 Rb8 43. h3 Rb3 44. Kh2 Qe5+ 45. Kh1 Rb2 46. Qxc3 Nf2+ 47. Kg1
Nxh3+ 48. Kh1 Qxc3 49. Nxc3 Nf4 50. Re1 Nxg2 51. Re4 Rc2 52. Re7 Nh4 53. Re3 Nf5 0-1

[Event "Hastings Masters 2016-17"]
[Site "Hastings ENG"]
[Date "2016.12.28"]
[Round "1.15"]
[White "Cheng, Bobby"]
[Black "Taylor, Adam C"]
[Result "1-0"]
[WhiteTitle "IM"]
[BlackTitle "FM"]
[WhiteElo "2446"]
[BlackElo "2212"]
[WhiteFideId "4300033"]
[BlackFideId "424668"]
[EventDate "2016.12.28"]

1. Nf3 Nf6 2. g3 d5 3. Bg2 e6 4. O-O Be7 5. c4 O-O 6. d4 dxc4 7. Ne5 c5 8. dxc5
Qc7 9. Nxc4 Rd8 10. Qa4 Nc6 11. Nc3 Bxc5 12. Bg5 Bd7 13. Qb3 Be8 14. Rac1 Qe7
15. e3 b5 16. Nd2 Rxd2 17. Bxf6 Qf8 18. Ne4 Na5 19. Qc3 Bb4 20. Bxg7 Bxc3 21.
Bxf8 Rad8 22. Rxc3 Kxf8 23. Nxd2 Rxd2 24. Rb1 Nc4 25. b3 Na3 26. Rbc1 1-0

[Event "Hastings Masters 2016-17"]
[Site "Hastings ENG"]
[Date "2016.12.28"]
[Round "1.16"]
[White "Hand, Freddie"]
[Black "Lalic, Bogdan"]
[Result "1/2-1/2"]
[BlackTitle "GM"]
[WhiteElo "2205"]
[BlackElo "2443"]
[WhiteFideId "436950"]
[BlackFideId "409081"]
[EventDate "2016.12.28"]

1. d4 Nf6 2. c4 g6 3. f3 d5 4. cxd5 Nxd5 5. e4 Nb6 6. Nc3 Bg7 7. Be3 O-O 8. Qd2
e5 9. O-O-O exd4 10. Bxd4 Bxd4 11. Qxd4 Qxd4 12. Rxd4 c5 13. Rd1 Nc6 14. Bb5 Nd4
15. Nge2 a6 16. Nxd4 cxd4 17. Na4 Nxa4 18. Bxa4 Be6 19. Kb1 Rfd8 20. Rd2 d3 21.
Rhd1 Rd4 22. Bb3 Bxb3 23. axb3 Rad8 24. Rc1 Kg7 25. Rc7 R8d7 26. Rxd7 Rxd7 27.
Kc1 Kf6 28. f4 g5 29. fxg5+ Ke5 30. Kd1 Kxe4 31. Rf2 Rc7 32. h4 a5 33. Rf6 b5
34. Rb6 b4 35. Rb5 Rc2 36. Rxa5 Rxb2 37. Ra7 Rb1+ 38. Kd2 Rb2+ 39. Kd1 Rf2 40.
g3 Ke3 41. Re7+ Kd4 42. Rc7 Ke3 43. Re7+ Kd4 44. Rc7 Ke3 45. Re7+ 1/2-1/2

[Event "Hastings Masters 2016-17"]
[Site "Hastings ENG"]
[Date "2016.12.28"]
[Round "1.17"]
[White "Flear, Glenn C"]
[Black "Lyell, Mark"]
[Result "1-0"]
[WhiteTitle "GM"]
[BlackTitle "FM"]
[WhiteElo "2428"]
[BlackElo "2203"]
[WhiteFideId "400165"]
[BlackFideId "402354"]
[EventDate "2016.12.28"]

1. d4 e6 2. c4 f5 3. Nc3 Nf6 4. e3 b6 5. Bd3 Bb7 6. f3 c5 7. d5 exd5 8. cxd5
Nxd5 9. Nxd5 Bxd5 10. Bxf5 Bf7 11. Bd2 Bd6 12. Bc3 Qh4+ 13. Kf1 Bc4+ 14. Ne2 Qe7
15. Bd3 Bxd3 16. Qxd3 Nc6 17. Rd1 Be5 18. Bxe5 Nxe5 19. Qd5 Nc6 20. Ng3 Qe6 21.
Ne4 O-O 22. Qxe6+ dxe6 23. Ke2 Rad8 24. Ng5 Rfe8 25. Rxd8 Nxd8 26. Rd1 h6 27.
Ne4 Nc6 28. Rd6 Ne5 29. f4 Nc4 30. Rd7 Nxb2 31. Nd6 Rb8 32. e4 a6 33. e5 b5 34.
f5 Nc4 35. fxe6 Nxe5 36. Rc7 Nc4 37. Nf5 Nb6 38. Rxg7+ Kh8 39. e7 Re8 40. Rf7 1-0

[Event "Hastings Masters 2016-17"]
[Site "Hastings ENG"]
[Date "2016.12.28"]
[Round "1.18"]
[White "Scott, Gordon W"]
[Black "Das, Arghyadip"]
[Result "0-1"]
[BlackTitle "IM"]
[WhiteElo "2198"]
[BlackElo "2399"]
[WhiteFideId "419559"]
[BlackFideId "5003610"]
[EventDate "2016.12.28"]

1. d4 e6 2. c4 b6 3. e4 Bb7 4. Bd3 Bb4+ 5. Kf1 Be7 6. Nc3 d6 7. Nf3 Nf6 8. Qc2
Nfd7 9. g3 O-O 10. Kg2 f5 11. d5 Na6 12. exf5 Nb4 13. Qe2 Nxd3 14. Qxd3 exf5 15.
Nd4 Nc5 16. Qc2 Bf6 17. Rd1 a5 18. Be3 Qd7 19. Nce2 Be5 20. Kg1 Rae8 21. Nf4 g5
22. Nfe6 f4 23. Nxf8 Rxf8 24. Qe2 fxe3 25. fxe3 Qg7 26. Rf1 Rxf1+ 27. Rxf1 Bc8
28. Qh5 Qg6 29. Qxg6+ hxg6 30. Nb5 Bh3 31. Rd1 Na6 32. Rd2 Kf7 33. a3 a4 34. Nd4
Nc5 35. Rf2+ Kg7 36. Nc6 Bf6 37. Nd4 Ne4 38. Re2 Bg4 39. Re1 Nd2 40. Rc1 Nb3 41.
Nxb3 axb3 42. a4 Bf5 0-1

[Event "Hastings Masters 2016-17"]
[Site "Hastings ENG"]
[Date "2016.12.28"]
[Round "1.19"]
[White "Garriga Cazorla, Pere"]
[Black "Ramsdal, Jens Albert"]
[Result "0-1"]
[WhiteTitle "FM"]
[WhiteElo "2386"]
[BlackElo "2190"]
[WhiteFideId "32011601"]
[BlackFideId "1429221"]
[EventDate "2016.12.28"]

1. d4 Nf6 2. c4 g6 3. Nf3 Bg7 4. g3 O-O 5. Bg2 c5 6. d5 d6 7. O-O b5 8. cxb5 a6
9. b6 Nbd7 10. Nc3 Nxb6 11. e4 e6 12. dxe6 Bxe6 13. Re1 d5 14. exd5 Nfxd5 15.
Nxd5 Bxd5 16. Qc2 Qf6 17. Ng5 Rfe8 18. Rxe8+ Rxe8 19. Bxd5 Re1+ 20. Kg2 Nxd5 21.
Nf3 Qc6 22. Rb1 Nb4 23. Qb3 Qe4 24. Ra1 h5 25. Qa4 h4 26. Qb3 Nd3 27. Qb8+ Kh7
28. Qd8 h3+ 29. Kxh3 Qxf3 0-1

[Event "Hastings Masters 2016-17"]
[Site "Hastings ENG"]
[Date "2016.12.28"]
[Round "1.20"]
[White "Eames, Robert S"]
[Black "Haria, Ravi"]
[Result "0-1"]
[WhiteTitle "FM"]
[BlackTitle "FM"]
[WhiteElo "2187"]
[BlackElo "2382"]
[WhiteFideId "408743"]
[BlackFideId "415820"]
[EventDate "2016.12.28"]

1. e4 e6 2. d4 d5 3. Nc3 dxe4 4. Nxe4 Bd7 5. Nf3 Bc6 6. Bd3 Nd7 7. c3 Bxe4 8.
Bxe4 c6 9. O-O Ngf6 10. Bc2 Bd6 11. Bg5 Qc7 12. Qd3 h6 13. Bh4 g5 14. Bg3 O-O-O
15. a4 Rdg8 16. a5 a6 17. c4 Nh5 18. c5 Bf4 19. b4 Rd8 20. Rad1 Ndf6 21. Bb3 Nd5
22. Bxd5 Rxd5 23. Ne1 Nxg3 24. fxg3 Be5 25. Nc2 Bg7 26. Qe4 Qd7 27. g4 Kb8 28.
Kh1 Ka7 29. b5 axb5 30. a6 Rd8 31. axb7 f5 32. Qe3 Kxb7 33. gxf5 exf5 34. Qa3
Ra8 35. Qf3 g4 36. Qb3 Ra4 37. Ne3 Rdxd4 38. Rxd4 Bxd4 39. h3 gxh3 40. Nxf5
hxg2+ 41. Kxg2 Bxc5 42. Ne3 Qd2+ 0-1

[Event "Hastings Masters 2016-17"]
[Site "Hastings ENG"]
[Date "2016.12.28"]
[Round "1.22"]
[White "Oyama, Akito"]
[Black "Batchelor, Peter J"]
[Result "1/2-1/2"]
[BlackTitle "FM"]
[WhiteElo "2191"]
[BlackElo "2365"]
[WhiteFideId "7001630"]
[BlackFideId "424854"]
[EventDate "2016.12.28"]

1. e4 c6 2. d4 d5 3. exd5 cxd5 4. Bd3 Nc6 5. c3 Qc7 6. Na3 a6 7. Nc2 Nf6 8. h3
g6 9. Nf3 Bf5 10. O-O Bxd3 11. Qxd3 Bg7 12. Re1 O-O 13. Ne3 Rfe8 14. Ng4 Nxg4
15. hxg4 b5 16. Bd2 Rab8 17. Rac1 a5 18. g5 Rb6 19. g3 Qd7 20. Kg2 b4 21. Qe3
bxc3 22. Bxc3 Nb4 23. a3 Re6 24. Qd2 Na2 25. Rxe6 fxe6 26. Re1 Nxc3 27. Qxc3 a4
28. b4 axb3 29. Qxb3 Ra8 30. Qe3 Qd6 31. Qxe6+ Qxe6 32. Rxe6 Kf7 33. Re3 Ra4 34.
Rd3 Ke6 35. Kf1 Kf5 36. Ke2 e6 37. Ke3 Bf8 38. Ne5 Kxg5 39. f4+ Kh6 40. Nf7+ Kg7
41. Ng5 Ra6 42. Rb3 h6 43. Rb7+ Kg8 44. Nf3 Rxa3+ 45. Ke2 Ra2+ 46. Kf1 Ra6 47.
Ke2 Bg7 48. Rb8+ Kh7 49. Rb7 g5 50. fxg5 hxg5 51. Nxg5+ Kg6 52. Nf3 Ra2+ 53. Kd3
Bf6 54. g4 Rg2 55. Rb6 Rg3 56. Ke3 Bxd4+ 57. Kxd4 Rxf3 58. Rxe6+ Kg5 59. Kxd5
Kxg4 60. Ke4 1/2-1/2

[Event "Hastings Masters 2016-17"]
[Site "Hastings ENG"]
[Date "2016.12.28"]
[Round "1.23"]
[White "Siva, Mahadevan"]
[Black "Healey, Michael W"]
[Result "1-0"]
[WhiteTitle "IM"]
[WhiteElo "2360"]
[BlackElo "2173"]
[WhiteFideId "25043153"]
[BlackFideId "410012"]
[EventDate "2016.12.28"]

1. e4 e5 2. Nf3 Nc6 3. Bc4 Nf6 4. d3 Be7 5. O-O O-O 6. Re1 d6 7. a4 Be6 8. Bxe6
fxe6 9. d4 exd4 10. Nxd4 Nxd4 11. Qxd4 Ng4 12. f3 Ne5 13. f4 Nc6 14. Qd1 d5 15.
Nc3 Bc5+ 16. Kh1 Ne7 17. Qg4 Rf6 18. Bd2 c6 19. Rad1 Qf8 20. g3 Rd8 21. a5 Bf2
22. Re2 Bd4 23. Rde1 e5 24. exd5 cxd5 25. Nb5 Rg6 26. Qh3 Bxb2 27. Rb1 a6 28.
Rxb2 axb5 29. Rxe5 Nc6 30. Re1 Nd4 31. Bb4 Qf7 32. Re7 Qf6 33. c3 Nf5 34. Re5
Nh6 35. Be7 Qc6 36. Bxd8 Ng4 37. Qg2 Nxe5 38. fxe5 Re6 39. Re2 1-0

[Event "Hastings Masters 2016-17"]
[Site "Hastings ENG"]
[Date "2016.12.28"]
[Round "1.24"]
[White "Kalavannan, Koby"]
[Black "Bellin, Robert"]
[Result "1/2-1/2"]
[BlackTitle "IM"]
[WhiteElo "2163"]
[BlackElo "2353"]
[WhiteFideId "425753"]
[BlackFideId "400343"]
[EventDate "2016.12.28"]

1. d4 d6 2. Nf3 Bg4 3. c4 Bxf3 4. exf3 g6 5. Be3 Bg7 6. Nc3 Nd7 7. Qa4 Nf6 8.
O-O-O O-O 9. h4 c6 10. g4 d5 11. c5 Qc7 12. Qc2 b6 13. cxb6 axb6 14. g5 Ne8 15.
h5 b5 16. Bd3 1/2-1/2